Musica viva in schola XXVII. : Sborník konferenčních příspěvků.

Bibliographic Details
Main Author: Musil, Ondřej.
Other Authors: Hala, Petr., Brunner, Georg., Musil, Jaroslav., Daněk, Alois., Dombi, Józsefné., Ostrý, František., Chloupek, Tomáš., Ostrý, Pavel., Jičřičková, Jiřina.
Format: eBook
Language:Czech
Published: Brno : Masaryk University, 2021.
Edition:1st ed.
Subjects:
Online Access:Click to View
LEADER 01679nam a22004453i 4500
001 EBC7192526
003 MiAaPQ
005 20231204023228.0
006 m o d |
007 cr cnu||||||||
008 231204s2021 xx o ||||0 cze d
020 |a 9788028000288  |q (electronic bk.) 
035 |a (MiAaPQ)EBC7192526 
035 |a (Au-PeEL)EBL7192526 
035 |a (OCoLC)1370500032 
040 |a MiAaPQ  |b eng  |e rda  |e pn  |c MiAaPQ  |d MiAaPQ 
100 1 |a Musil, Ondřej. 
245 1 0 |a Musica viva in schola XXVII. :  |b Sborník konferenčních příspěvků. 
250 |a 1st ed. 
264 1 |a Brno :  |b Masaryk University,  |c 2021. 
264 4 |c {copy}2021. 
300 |a 1 online resource (172 pages) 
336 |a text  |b txt  |2 rdacontent 
337 |a computer  |b c  |2 rdamedia 
338 |a online resource  |b cr  |2 rdacarrier 
588 |a Description based on publisher supplied metadata and other sources. 
590 |a Electronic reproduction. Ann Arbor, Michigan : ProQuest Ebook Central, 2023. Available via World Wide Web. Access may be limited to ProQuest Ebook Central affiliated libraries.  
655 4 |a Electronic books. 
700 1 |a Hala, Petr. 
700 1 |a Brunner, Georg. 
700 1 |a Musil, Jaroslav. 
700 1 |a Daněk, Alois. 
700 1 |a Dombi, Józsefné. 
700 1 |a Ostrý, František. 
700 1 |a Chloupek, Tomáš. 
700 1 |a Ostrý, Pavel. 
700 1 |a Jičřičková, Jiřina. 
776 0 8 |i Print version:  |a Musil, Ondřej  |t Musica viva in schola XXVII.  |d Brno : Masaryk University,c2021 
797 2 |a ProQuest (Firm) 
856 4 0 |u https://ebookcentral.proquest.com/lib/matrademy/detail.action?docID=7192526  |z Click to View